Paroles - Autre Part - Bigflo et Oli #1 - Statistiques

Statistiques générales
  • Ce quiz a été pris 36 fois
    29 depuis la dernière actualisation
  • Le résultat moyen est 312 sur 400
Statistiques - réponses
Réponse % Correct
à
100%
arrête
100%
dans
100%
de
100%
fait
100%
froid
100%
Il
100%
il
100%
la
100%
La
100%
ma
100%
m'a
100%
nuit
100%
si
100%
au
95%
d'avenir
95%
en
95%
Je
95%
je
95%
le
95%
Le
95%
me
95%
m'parler
95%
par
95%
part
95%
part)
95%
que
95%
Que
95%
qu'on
95%
Qu'on
95%
sa
95%
se
95%
tête
95%
veux
95%
voudrais
95%
autre
90%
(autre
90%
des
90%
et
90%
Et
90%
être
90%
fin
90%
J'voudrais
90%
les
90%
Les
90%
Mes
90%
mes
90%
moi
90%
mon
90%
pas
90%
peur
90%
plus
90%
qui
90%
tu
90%
bien
85%
d'autre
85%
du
85%
non
85%
On
85%
on
85%
quelqu'un
85%
sais
85%
un
85%
ça
80%
ce
80%
corps
80%
enfin
80%
faire
80%
faut
80%
gazon
80%
juste
80%
libre
80%
mais
80%
Mais
80%
maison
80%
moins
80%
tondu
80%
une
80%
vide
80%
c'est
75%
gens
75%
J'veux
75%
laisse
75%
mains
75%
même
75%
monde
75%
ne
75%
75%
petite
75%
pour
75%
savoir-vivre
75%
semblant
75%
sont
75%
temps
75%
vaisselle
75%
voir
75%
âge
70%
Alors
70%
avec
70%
coeur
70%
cour
70%
encore
70%
est
70%
glace
70%
J'ai
70%
j'ai
70%
liquide
70%
mal
70%
noir
70%
prendrai
70%
Quand
70%
quitter
70%
raccourci
70%
récré
70%
s'efface
70%
tout
70%
vies
70%
vos
70%
artificielles
65%
Car
65%
chuchoté
65%
chuchote
65%
comprend
65%
faute
65%
inintéressantes
65%
jamais
65%
j'entends
65%
leur
65%
lune
65%
mirages
65%
partir
65%
personne
65%
plume
65%
prendre
65%
qu'il
65%
"Rejoins-moi"
65%
remplace
65%
ridicules
65%
rongées
65%
saches
65%
sûr
65%
voix
65%
baignoire
60%
d'années
60%
d'ici
60%
d'idiots
60%
esclaves
60%
faites
60%
fermer
60%
Finir
60%
fond
60%
grandit
60%
J'suis
60%
j'suis
60%
m'ennuie
60%
menteurs
60%
milliers
60%
ouvert
60%
passe
60%
pause
60%
peine
60%
prêté
60%
qu'apparaît
60%
quelques
60%
rideaux
60%
sourires
60%
spectacle
60%
t'aime
60%
votre
60%
y'a
60%
aiguilles
55%
battre
55%
cage
55%
cas
55%
corbeau
55%
ferait
55%
finit
55%
j'aime
55%
lâche
55%
larmes
55%
page
55%
s'arrêtait
55%
s'il
55%
tournes
55%
tous
55%
veines
55%
vouloir
55%
briser
50%
clair
50%
dehors
50%
derrière
50%
d'éteindre
50%
mur
50%
m'y
50%
sous
50%
verre
50%
vident
50%
vieux
50%
casser
45%
ceux
45%
décevoir
45%
futur
45%
m'occupe
45%
mot
45%
nues
45%
politesse
45%
salle
45%
sursis
45%
atteste
40%
blessent
40%
creux
40%
elles
40%
J'écris
40%
jeune
40%
L'avenir
40%
pierre
40%
Qu'elle
40%
souffre
40%
visage
40%
acides
35%
amers
35%
côté
35%
jours
35%
l'autre
35%
minutes
35%
monter
35%
m'apporte
30%
lassent
25%
forcer
20%
S'accrocher
15%
Aucun quiz correspondant
Distribution des résultats
% des personnes avec chaque résultat
Percentile par nombre de réponses
Votre historique - résultats
Vous n’avez pas pris ce quiz depuis la dernière actualisation